Конформационный анализ белков: теория и приложения

Detaylı Bibliyografya
Yazar: Андрианов А. М. Александр Михайлович
Müşterek Yazar: Национальная Академия наук Беларуси (НАНБ, НАН Беларуси) Институт биоорганической химии (ИБОХ)
Özet:В книге обобщены современные подходы к компьютерному моделированию пространственной структуры белков, включающие методы конформационного ЯМР-анализа, аЪ initio фолдинга, сопоставительного моделирования, имитации теплового отжига, молекулярной динамики, молекулярного докинга и ряд других. Рассмотрены различные аспекты проблемы молекулярного моделирования структуры белков. Дан критический анализ методов, описаны соответствующие алгоритмы и приведены примеры их применения для предсказания белковых структур. Особое внимание уделено практическому использованию методов моделирования структуры белков in silico для конструирования потенциальных лекарственных препаратов. Предназначена для научных сотрудников - специалистов, работающих в области молекулярной биологии, биофизики, биоинформатики, биоорганической химии, биомедицины и смежных дисциплин.
Dil:Rusça
Baskı/Yayın Bilgisi: Минск, Беларуская навука, 2013
Konular:
Materyal Türü: MixedMaterials Kitap
KOHA link:https://koha.lib.tpu.ru/cgi-bin/koha/opac-detail.pl?biblionumber=253560

MARC

LEADER 00000nam0a2200000 4500
001 253560
005 20231101232844.0
010 |a 9789850815293 
035 |a (RuTPU)RU\TPU\book\275955 
090 |a 253560 
100 |a 20140314d2013 k y0rusy50 ca 
101 0 |a rus 
102 |a BY 
105 |a a z 001zy 
200 1 |a Конформационный анализ белков: теория и приложения  |f А. М. Андрианов  |g Национальная Академия наук Беларуси (НАНБ, НАН Беларуси), Институт биоорганической химии (ИБОХ) 
210 |a Минск  |c Беларуская навука  |d 2013 
215 |a 519 с.  |c ил. 
320 |a Библиогр.: с. 468-513. 
330 |a В книге обобщены современные подходы к компьютерному моделированию пространственной структуры белков, включающие методы конформационного ЯМР-анализа, аЪ initio фолдинга, сопоставительного моделирования, имитации теплового отжига, молекулярной динамики, молекулярного докинга и ряд других. Рассмотрены различные аспекты проблемы молекулярного моделирования структуры белков. Дан критический анализ методов, описаны соответствующие алгоритмы и приведены примеры их применения для предсказания белковых структур. Особое внимание уделено практическому использованию методов моделирования структуры белков in silico для конструирования потенциальных лекарственных препаратов. Предназначена для научных сотрудников - специалистов, работающих в области молекулярной биологии, биофизики, биоинформатики, биоорганической химии, биомедицины и смежных дисциплин. 
606 1 |a Белки  |x Структурный анализ  |2 stltpush  |3 (RuTPU)RU\TPU\subj\73546  |9 86476 
610 1 |a конформационный анализ 
610 1 |a ЯМР-спектроскопия 
610 1 |a трехмерные структуры 
610 1 |a локальная структура 
610 1 |a вероятностный подход 
610 1 |a пространственные структуры 
610 1 |a вирусы 
610 1 |a связывание 
610 1 |a ВИЧ-инфекция 
610 1 |a лекарства 
610 1 |a компьютерное конструирование 
610 1 |a молекулярное моделирование 
610 1 |a противовирусные препараты 
610 1 |a СПИД 
675 |a 577.32  |v 3 
700 1 |a Андрианов  |b А. М.  |g Александр Михайлович 
712 0 2 |a Национальная Академия наук Беларуси (НАНБ, НАН Беларуси)  |b Институт биоорганической химии (ИБОХ)  |c (Минск)  |c (2007- )  |2 stltpush  |3 (RuTPU)RU\TPU\col\19945 
801 1 |a RU  |b 63413507  |c 20140314 
801 2 |a RU  |b 63413507  |c 20191223  |g RCR 
942 |c BK 
959 |a 50/20140314  |d 2  |e 754,00  |f ЧЗТЛ:1  |f АНЛ:1